Los pobladores de Buenos Aires y sus descendencia

Guardat en:
Dades bibliogràfiques
Autor principal: Gammalsson, Hialmar Edmundo (Autor)
Format: Llibre
Idioma:espanyol
Publicat: Buenos Aires Municipalidad de la Ciudad de Buenos Aires 1980
Matèries:
Etiquetes: Afegir etiqueta
Sense etiquetes, Sigues el primer a etiquetar aquest registre!

MARC

LEADER 00000nam a2200000 a 4500
001 UCV0500
003 CL-VaPUC
008 881010e19800000AG |||||||||||||||||spa|d
082 0 4 |a 929  |b GAM  |2 21 
100 0 |a Gammalsson, Hialmar Edmundo  |e author  |9 294995 
245 1 4 |a Los pobladores de Buenos Aires y sus descendencia 
300 |a 505 p 
942 |c BK 
945 |d 19881010 00:00:00 
260 |a Buenos Aires  |b Municipalidad de la Ciudad de Buenos Aires  |c 1980 
650 0 |a Genealogía  |9 255285 
651 7 |a BUENOS AIRES  |2 CL-VaPUC  |9 255286 
583 |a last modification  |c 20120322 03:39:57  |k Rodrigo Vera 
999 |c 208937  |d 208935 
952 |0 0  |1 0  |4 0  |6 929_000000000000000_GAM_1980  |7 0  |8 DER_HDC  |9 183953  |a BIBDER  |b BIBDER  |d 2019-11-14  |i 2508729  |o 929 GAM 1980  |p 2508729  |r 2023-01-25  |w 2019-11-14  |x Ubicación 4to Piso  |y BK  |z Estos recursos deben solicitarse con anticipación  |k DER